000 00514nam a22001937a 4500
003 OSt
005 20160315104912.0
008 160315b xxu||||| |||| 00| 0 eng d
010 _a8020522
020 _a0137533276
040 _cN/A
050 _aHM132
_b .J64 1981
100 _aJohnson,David W.
245 _aReaching out: interpersonal effectiveness & self-actualization
250 _a2nd ed.
260 _aEnglewood Cliffs,N.J
_bPrentice-Hall,Inc.
_c1981
300 _axi,308p
_bill.
942 _2lcc
_cBK
999 _c252954
_d252953